Analýza koeficientu korelácie pri odhade parametrov v lineárnych modeloch

Gespeichert in:
Bibliographische Detailangaben
1. Verfasser: Balamuta, Stanislav (Verfasst von)
Weitere Verfasser: Hábel, Branislav (Betreuung Doktorarbeit)
Format: Manuskript Buch
Sprache:Slowakisch
Veröffentlicht: 2016
Schlagworte:
Online-Zugang:http://is.stuba.sk/zp/portal_zp.pl?podrobnosti=131478
Tags: Tag hinzufügen
Keine Tags, Fügen Sie das erste Tag hinzu!

MARC

LEADER 00000ntm a22000003a 4500
001 stuzp56660
003 SK-STU
005 20160719155046.2
007 ta
008 150427s2015----xo-----f-mn---000-0-slo-d
040 |a STU  |b slo 
041 0 |a slo 
100 1 |a Balamuta, Stanislav  |u 010130  |4 aut  |U SvF Stavebná fakulta  |T SvF Katedra geodetických základov  |X 74113  |U V130  |Y 13  |7 74113 
242 0 1 |a Analysis of the correlation coefficient parameter estimation in linear models  |y eng 
245 1 0 |a Analýza koeficientu korelácie pri odhade parametrov v lineárnych modeloch 
260 |c 2016 
650 4 |a experiment  |2 slo 
650 4 |a analýza  |2 slo 
650 4 |a korelácia  |2 slo 
650 4 |a the correlation  |2 eng 
650 4 |a experiment  |2 eng 
650 4 |a analysis  |2 eng 
700 1 |a Hábel, Branislav  |u 010130  |k Z1  |4 ths  |U SvF Stavebná fakulta  |T SvF Katedra geodetických základov  |X 10693  |U V130  |Y 13  |7 A000010693 
856 4 |u http://is.stuba.sk/zp/portal_zp.pl?podrobnosti=131478 
SQL |a stuzp56660  |b DBP  |c SLO  |d Analýza koeficientu korelácie pri odhade parametrov v lineárnych modeloch  |e 74113  |f Balamuta, Stanislav  |g 010130  |h 10693  |i Hábel, Branislav  |j 20160621  |k 1245  |l 01  |m http://is.stuba.sk/zp/portal_zp.pl?podrobnosti=131478  |n B-GKK  |o 5.1.3. geodézia a kartografia